000 00392nam a2200133Ia 4500
008 220217s9999||||xx |||||||||||||| ||und||
020 _a9788126546602
082 _a005.133 PRA
100 _aPradhan, Anubhav and Deshpande, Anil, V
_910079
245 0 _aComposing mobile appa
260 _aWiley india
_bNew Delhi
_c2017
300 _aXVIII, 266p.
_b639
650 _aPROGRAMMING LANGUAGE
999 _c188122
_d188122